000 00824nam a2200253 i 4500
001 bg
100 1 _aWILCZYŃSKI, Krzysztof
245 1 0 _aReologia w przetwórstwie tworzyw sztucznych /
_cKrzysztof Wilczyński.
260 _aWarszawa :
_bWydawnictwa Naukowo-Techniczne,
_c2001.
300 _a279 s., [8] k. tabl. (w tym kolor.) :
_bil. ;
_c24 cm.
490 1 _aTworzywa Sztuczne
650 9 _aReologia
650 9 _aTworzywa sztuczne
_xtechnologia
655 _aPodręczniki akademickie
830 _aTworzywa Sztuczne
020 _a8320425611
040 _cBPK
041 0 _apl
080 _a539.3:532:678](075.8)
920 _a83-204-2561-1
942 _cKS
008 s pl f |000 0 pol
999 _c40090
_d40090
856 _uhttp://koha.tu.koszalin.pl/cgi-bin/koha/opac-detail.pl?biblionumber=40090
_yKatalog online BPK